[Event "ESP-ch"]
[Site "ESP"]
[Date "1989.??.??"]
[Round "1"]
[White "Ochoa de Echaguen, F Javier"]
[Black "Martinez, Ibrahim"]
[Result "1-0"]
[WhiteElo "2435"]
[BlackElo "2325"]

1.e4 c5 2.Nc3 Nc6 3.Nf3 e6 4.d4 cxd4 5.Nxd4 Qc7 6.g3 a6 7.Bg2 Nf6 8.O-O Be7
9.Nb3 O-O 10.f4 d6 11.a4 Na5 12.Nxa5 Qxa5 13.Kh1 Nd7 14.Be3 Re8 15.Qd4 Rb8
16.Qc4 Bd8 17.Rfd1 Qc7 18.Qxc7 Bxc7 19.Ba7 Ra8 20.Bg1 Rb8 21.a5 b6 22.axb6 Nxb6
23.b3 Rd8 24.Bf1 Ra8 25.Rd4 h6 26.h3 e5 27.Rb4 Rb8 28.Bxa6 Bxh3 29.Be2 exf4
30.gxf4 d5 31.Bxb6 Bxb6 32.Nxd5 Bc5 33.Rxb8 Rxb8 34.f5 Bd4 35.Ra3 Rd8 36.Nf4 Rc8
37.c4 Be5 38.Nxh3 Rd8 39.Ra2 Rd4 40.Nf2  1-0

[Event "ESP-ch"]
[Site "ESP"]
[Date "1989.??.??"]
[Round "9"]
[White "Ochoa de Echaguen, F Javier"]
[Black "Pablo Marin, Alejandro"]
[Result "1-0"]
[WhiteElo "2435"]
[BlackElo "2390"]

1.e4 c5 2.Nc3 e6 3.Nf3 Nc6 4.d4 cxd4 5.Nxd4 d6 6.Be3 Nf6 7.Bc4 Be7 8.Qe2 O-O
9.O-O-O a6 10.Bb3 Qc7 11.g4 Nd7 12.Rhg1 Nc5 13.Kb1 Nxb3 14.axb3 Nxd4 15.Bxd4 b5
16.g5 b4 17.Bf6 bxc3 18.Qh5 Re8 19.Rg4 Qa5 20.Bxc3 Qb5 21.Bxg7 Qe2 22.Rdg1 Bb7
23.g6  1-0

[Event "Espoo op"]
[Site "Espoo"]
[Date "1989.??.??"]
[Round "2"]
[White "Warwaszynski, Zbigniew"]
[Black "Suetin, Alexey S"]
[Result "1/2-1/2"]
[WhiteElo "2325"]
[BlackElo "2370"]

1.e4 c5 2.Nf3 e6 3.d4 cxd4 4.Nxd4 Nc6 5.Nc3 a6 6.Be2 Qc7 7.O-O Nf6 8.Kh1 Bb4
9.Nxc6 bxc6 10.Bd3 d5 11.Qe2 O-O 12.a3 Be7 13.Bg5 h6 14.Bd2 c5 15.b3 Bb7
16.Rae1 Rfe8 17.e5 Nd7 18.f4 f5 19.exf6 Bxf6 20.Qg4 Nf8 21.Nd1 c4 22.bxc4 dxc4
23.Be4 Bxe4 24.Rxe4 c3 25.Be1 Rab8 26.Qe2 Rec8 27.Qxa6 Ra8 28.Qe2 Rxa3 29.f5 exf5
30.Rxf5 Qc6 31.Rf1 Ra1 32.h3  1/2-1/2

[Event "Espoo op"]
[Site "Espoo"]
[Date "1989.??.??"]
[Round "6"]
[White "Rytshagov, Mikhail"]
[Black "Arakhamia, Ketevan"]
[Result "1-0"]
[WhiteElo "2425"]
[BlackElo "2395"]

1.e4 c5 2.Nf3 e6 3.Nc3 Nc6 4.d4 cxd4 5.Nxd4 d6 6.Be3 Nf6 7.Bc4 Be7 8.Qe2 Nxd4
9.Bxd4 Bd7 10.O-O-O Qa5 11.Nb5 O-O 12.Bc3 Qb6 13.Nxd6 Bc6 14.e5 Nd5 15.Bd4 Qa5
16.Qg4 b5 17.Bb3 Qc7 18.Ne4 Kh8 19.Rd3 a5 20.Rh3 a4 21.Bxd5 Bxd5 22.Nf6 h6
23.Qg5  1-0

[Event "Espoo op"]
[Site "Espoo"]
[Date "1989.??.??"]
[Round "7"]
[White "Raaste, Eero J"]
[Black "Kiik, Kalle"]
[Result "0-1"]
[WhiteElo "2395"]
[BlackElo "2395"]

1.e4 c5 2.Nf3 e6 3.d4 cxd4 4.Nxd4 Nc6 5.Nc3 d6 6.Be2 Nf6 7.O-O Be7 8.Be3 Bd7
9.Nb3 a6 10.a4 Na5 11.Nd2 O-O 12.f4 Qc7 13.g4 d5 14.e5 Ne8 15.Bd3 f6 16.exf6 Nxf6
17.Qf3 Bc5 18.Bf2 g6 19.f5 gxf5 20.gxf5 Kh8 21.Bxc5 Qxc5+ 22.Qf2 Rg8+ 23.Kh1 Qxf2
24.Rxf2 e5 25.Bf1 e4 26.Re1 e3 27.Rxe3 d4 28.Rd3 dxc3  0-1

[Event "Espoo op"]
[Site "Espoo"]
[Date "1989.??.??"]
[Round "8"]
[White "Pulkkinen, Kari"]
[Black "Suetin, Alexey S"]
[Result "1-0"]
[WhiteElo "2255"]
[BlackElo "2370"]

1.e4 c5 2.Nf3 e6 3.d4 cxd4 4.Nxd4 Nc6 5.Nc3 Qc7 6.Be2 a6 7.O-O Nf6 8.Be3 Bb4
9.Nxc6 bxc6 10.f4 Bxc3 11.bxc3 Nxe4 12.Bf3 Nd6 13.Rb1 Rb8 14.Rxb8 Qxb8 15.Bc5 Nb7
16.Qd4 Nxc5 17.Qxc5 Qb5 18.Qd6 Qb6+ 19.Kh1 Qd8 20.c4 Qe7 21.c5 Qxd6 22.cxd6 O-O
23.Rb1 f6 24.Rb8 g5 25.g3 gxf4 26.gxf4 Kg7 27.Kg1 Re8 28.Be2 Rg8 29.Kf2 a5
30.Ke3 Kf7 31.Kd4 Re8 32.Bh5+  1-0

[Event "FIN-chT"]
[Site "?"]
[Date "1989.??.??"]
[Round "?"]
[White "Kujala, Auvo"]
[Black "Pyhala, Antti"]
[Result "0-1"]
[WhiteElo "2285"]
[BlackElo "2385"]

1.e4 c5 2.Nf3 e6 3.d4 cxd4 4.Nxd4 Nc6 5.Nc3 Qc7 6.Be2 a6 7.O-O Nf6 8.Be3 h5
9.Nxc6 dxc6 10.f4 g5 11.Bd4 Bg7 12.e5 Nd5 13.Nxd5 exd5 14.e6 fxe6 15.Bxh5+ Kd8
16.Bxg7 Qxg7 17.fxg5 Qxg5 18.Bg4 e5 19.Bxc8 Rxc8 20.Rf7 Qe3+ 21.Kh1 Qg3 22.h3 Rc7
23.Rf3 Qg5 24.Qf1 Rg7 25.Re1 e4 26.Rf5 Qg3 27.Re2 Re8 28.Qf4 Qxf4 29.Rxf4 Ke7
30.g4 Rf7 31.Ref2 Rh7 32.Rh2 Reh8 33.Kg2 Ke6 34.Rf5 e3 35.Kg3 Rxh3+ 36.Rxh3 Rxh3+
37.Kf4 d4 38.Ke4 Rg3 39.Re5+ Kd6 40.Kf5 Rf3+ 41.Ke4 Rf1  0-1

[Event "FRA-chT"]
[Site "?"]
[Date "1989.??.??"]
[Round "?"]
[White "Birmingham, Eric"]
[Black "Ghafari, R."]
[Result "1-0"]
[WhiteElo "2325"]
[BlackElo "2285"]

1.e4 c5 2.Nf3 Nc6 3.d4 cxd4 4.Nxd4 e6 5.Nc3 Qc7 6.g3 a6 7.Bg2 Nf6 8.O-O Nxd4
9.Qxd4 Bc5 10.Bf4 d6 11.Qd2 h6 12.Na4 e5 13.Nxc5 Qxc5 14.Be3 Qc7 15.Rad1 Ke7
16.h3 Be6 17.f4 a5 18.Qf2 Rhc8 19.fxe5 dxe5 20.Bxh6 Ne8 21.Be3 Qxc2 22.Rd2 Qc6
23.Rd5 Bxd5 24.exd5 Qf6 25.Bc5+ Rxc5 26.Qxc5+ Qd6 27.Qb5 Qb4 28.d6+ Nxd6
29.Qxe5+ Kf8 30.Qh5 Kg8 31.Bd5 Rf8 32.Rf4 Qe1+ 33.Kh2 Qd2+ 34.Bg2 Rc8 35.Rh4 f6
36.Qh7+ Kf7 37.Rg4 Ne8 38.Qh5+ Kf8 39.Re4 Nd6 40.Re2 Qd4 41.Bd5  1-0

[Event "FRA-chT"]
[Site "?"]
[Date "1989.??.??"]
[Round "?"]
[White "Apicella, Manuel"]
[Black "Cerisier, Philippe"]
[Result "0-1"]
[WhiteElo "2400"]
[BlackElo "2275"]

1.e4 c5 2.Nf3 e6 3.d4 cxd4 4.Nxd4 Nc6 5.Nc3 a6 6.Nxc6 bxc6 7.Bd3 d5 8.O-O Nf6
9.Qe2 Be7 10.Re1 O-O 11.Bf4 Re8 12.Rad1 Nd7 13.Bc1 Nc5 14.Qf3 Nxd3 15.Qxd3 Bd7
16.Ne2 Qb6 17.a3 Rad8 18.b4 Qb5 19.Qb3 a5 20.Nd4 Qa6 21.Bb2 axb4 22.axb4 Qb7
23.exd5 cxd5 24.b5 Bf6 25.Rb1 Rb8 26.Nc6 Bxc6 27.Bxf6 gxf6 28.bxc6 Qxb3 29.Rxb3 Rec8
30.Rc1 Ra8 31.Rb6 Ra4 32.f3 Rc4 33.Kf2 R4xc6 34.Rxc6 Rxc6 35.Ke3 Rc4 36.Kd3 f5
37.Ra1 Rh4 38.h3 Kg7 39.Ra8 Rc4 40.Ra7 h5 41.Ra8 h4 42.c3 Kf6 43.Ra7 Rc8
44.Kd4 Rg8 45.Ra2 Rb8 46.f4 Rb1 47.Ke3 Rb3 48.Kd4 Rb8 49.Kd3 Rc8 50.Ra4 Rc7
51.Rb4 Ke7 52.Ra4 Kd6 53.Ra6+ Rc6 54.Ra2 Rc4 55.Rf2 Re4 56.Rf1 Kc5 57.Rf2 Ra4
58.Rf3 Ra3 59.g3 hxg3 60.Rxg3 d4 61.Kc2 Kc4 62.Kb2 Rb3+ 63.Kc2 dxc3 64.Rg7 Rb2+
65.Kc1 Rf2 66.Rxf7 Rxf4 67.Re7 Kd3 68.Rd7+ Rd4 69.Re7 Re4 70.Rd7+ Ke2 71.Kc2 Re3
72.h4 Rh3 73.Re7 Rxh4 74.Rxe6+ Re4 75.Rh6 f4 76.Rh2+ Ke3  0-1

[Event "FRA-chT"]
[Site "?"]
[Date "1989.??.??"]
[Round "?"]
[White "Kosten, Anthony C"]
[Black "Renet, Olivier"]
[Result "0-1"]
[WhiteElo "2505"]
[BlackElo "2480"]

1.e4 c5 2.Nc3 Nc6 3.Nf3 e6 4.d4 cxd4 5.Nxd4 a6 6.f4 Nge7 7.Be2 b5 8.Bf3 Nxd4
9.Qxd4 Nc6 10.Qf2 Be7 11.Be3 Bb7 12.O-O O-O 13.Rad1 d6 14.e5 d5 15.Ne2 Rc8
16.c3 a5 17.Nd4 Nxd4 18.Bxd4 b4 19.Be2 Qc7 20.Bd3 bxc3 21.bxc3 f5 22.Rb1 Qd7
23.Rb6 Bc6 24.Rfb1 Rc7 25.Qe2 Rb7 26.Rxb7 Bxb7 27.g4 fxg4 28.Qxg4 Rf7 29.Rf1 Bc8
30.Rf3 g6 31.h4 Rg7 32.Rg3 Bf8 33.Kh2 Qe8 34.Qg5 Qe7 35.Bb6 a4 36.Bd8 Qxg5
37.Bxg5 Rb7 38.Rg2 Bd7 39.h5 Be8 40.Bf6 Rc7 41.hxg6 hxg6 42.Bxg6 Bxg6 43.Rxg6+ Kf7
44.Rg3 Bh6 45.Rf3 Kg6 46.Bd8 Rc6 47.f5+ exf5 48.Kg2 Bg7 49.Re3 Kf7 50.Rd3 Ke6
51.Bf6 Bxf6 52.exf6 Rc5 53.Rd4 Kxf6 54.Rxa4 Rxc3 55.Kf2 Ke5 56.Ra8 Ke4 57.Re8+ Kf4
58.a4 Rc2+ 59.Ke1 Ra2 60.Rd8 Ke4 61.Ra8 Ke3 62.Re8+ Kd3 63.Ra8 Ke3 64.Re8+ Kd3
65.Ra8 d4 66.a5 Re2+ 67.Kf1 Kd2 68.a6 d3 69.Rf8 Re1+ 70.Kf2 Ra1 71.Ra8 Kd1
72.a7 d2 73.Kg2 Ra3 74.Kf2 f4 75.Kf1 Rf3+ 76.Kg2 Rg3+ 77.Kf2 Rg7 78.Kf3 Rc7
79.Kxf4 Kc1 80.Rd8 Rxa7 81.Rc8+ Kd1 82.Kf3 Rf7+ 83.Kg3 Rf1 84.Kg2 Rf5  0-1

[Event "FRA-chT"]
[Site "?"]
[Date "1989.??.??"]
[Round "?"]
[White "Tagnon, Nicole"]
[Black "Ghafari, R."]
[Result "0-1"]
[WhiteElo "2175"]
[BlackElo "2285"]

1.e4 c5 2.Nf3 Nc6 3.d4 cxd4 4.Nxd4 e6 5.Nc3 Qc7 6.Be2 a6 7.O-O Nf6 8.Kh1 Nxd4
9.Qxd4 Bc5 10.Qd3 h5 11.f4 b5 12.e5 Ng4 13.Qg3 Bb7 14.Bf3 Nh6 15.Bxb7 Qxb7
16.Qf3 Qxf3 17.Rxf3 Nf5 18.Ne4 Bb6 19.c3 Ke7 20.b3 b4 21.cxb4 Rhc8 22.Ba3 f6
23.b5+ Kf7 24.Rc1 Rxc1+ 25.Bxc1 axb5 26.a3 Bd4 27.h3 h4 28.Rd3 Rc8 29.Bd2 Rc2
30.Nd6+ Nxd6 31.Rxd4 Nf5 32.Rxd7+ Ke8 33.Rd3 Ra2 34.Kg1 Ng3 35.Kf2 Rxa3 36.Kf3 Ra6
37.Be1 Nf5 38.Bf2 Ra2 39.Bb6 fxe5 40.fxe5 Kf7 41.Rd7+ Kg6 42.Bf2 Rc2 43.Rd3 Kg5
44.Bb6 Kg6 45.Bf2 Kh5 46.Be1 Rb2 47.Bb4 Rxb3 48.Rxb3 Nd4+ 49.Ke3 Nxb3 50.Kd3 Nc1+
51.Kd2 Na2 52.Bf8 g5 53.Kc2 b4 54.Kb3 Nc3 55.Bxb4 Nd5 56.Bd2 Kg6 57.Kc2 Kf5
58.Kd3 Nf4+ 59.Bxf4 Kxf4 60.Kd4 Kf5 61.Ke3 Kxe5 62.Kf3 Kd4 63.Kg4 e5 64.Kxg5 e4
65.Kxh4 e3 66.g4 e2 67.g5 e1=Q+ 68.Kh5 Ke5  0-1

[Event "FRA-chT"]
[Site "?"]
[Date "1989.??.??"]
[Round "?"]
[White "Capaces, Francois"]
[Black "Olivier, Pierre"]
[Result "1/2-1/2"]
[WhiteElo "2000"]
[BlackElo "2270"]

1.e4 c5 2.Nc3 Nc6 3.Nge2 e6 4.d4 cxd4 5.Nxd4 Nf6 6.Ndb5 d6 7.Bf4 e5 8.Bg5 a6
9.Na3 b5 10.Bxf6 gxf6 11.Nd5 f5 12.exf5 Bxf5 13.c3 Bg7 14.Nc2 O-O 15.Nce3 Be4
16.a4 Ne7 17.f3 Nxd5 18.Nxd5 Bxd5 19.Qxd5 b4 20.Bd3 Qb6 21.a5 Qe3+ 22.Kf1 bxc3
23.bxc3 Kh8 24.Re1 Qh6 25.g4 Rac8 26.h4 Rc5 27.Qe4 d5 28.Qb4 Qc6 29.Rc1 Rc8
30.Rh2 e4 31.fxe4 dxe4 32.Qxe4 Qxe4 33.Bxe4 Rxc3 34.Rhc2 Rxc2 35.Rxc2 Rxc2
36.Bxc2 Bc3  1/2-1/2

[Event "FRA-chT"]
[Site "?"]
[Date "1989.??.??"]
[Round "?"]
[White "Gallagher, Joseph G"]
[Black "Illescas Cordoba, Miguel"]
[Result "1/2-1/2"]
[WhiteElo "2405"]
[BlackElo "2525"]

1.e4 c5 2.Nf3 e6 3.d4 cxd4 4.Nxd4 Nc6 5.Nc3 Qc7 6.Be2 a6 7.O-O Nf6 8.Be3 Be7
9.f4 d6 10.Qe1 O-O 11.Rd1 Nxd4 12.Bxd4 b5 13.e5 dxe5 14.fxe5 Nd7 15.Ne4 Bb7
16.Nf6+ Nxf6 17.exf6 Bc5 18.Qh4 Qe5 19.Bxc5 Qxc5+ 20.Rf2 Rfd8 21.Rxd8+ Rxd8
22.Bd3 g6 23.Qh6 Qf8 24.Qe3 Qd6 25.Qh6 Qf8  1/2-1/2

[Event "FRA-chT"]
[Site "?"]
[Date "1989.??.??"]
[Round "?"]
[White "Gachon, Lionel"]
[Black "Ghafari, R."]
[Result "1/2-1/2"]
[WhiteElo "2275"]
[BlackElo "2285"]

1.e4 c5 2.Nf3 Nc6 3.d4 cxd4 4.Nxd4 e6 5.Nc3 Qc7 6.g3 a6 7.Bg2 Nf6 8.O-O Nxd4
9.Qxd4 Bc5 10.Bf4 d6 11.Qd2 h6 12.Rad1 e5 13.Be3 Ke7 14.f4 Be6 15.h3 Rac8
16.fxe5 dxe5 17.Nd5+ Bxd5 18.exd5 Rhd8 19.Kh1 Ne8 20.h4 Qd6 21.Bh3 Bxe3 22.Qxe3 Rxc2
23.Qe4 Rc7 24.Rf5 Nf6 25.Rxe5+ Kf8 26.Qe3 Re8 27.Rxe8+ Nxe8 28.Qd3 Nf6 29.Qa3 Ne8
30.Qd3 Nf6 31.Qa3 Ne4 32.Qxd6+ Nxd6 33.Rd2 Ke7 34.Kg2 Nc4 35.Re2+ Kd6 36.b3 Nb6
37.Kf2 Re7 38.Rxe7 Kxe7 39.Bg2 Kd6 40.Ke3 Nd7 41.Kd4  1/2-1/2

[Event "FRA-chT"]
[Site "?"]
[Date "1989.??.??"]
[Round "?"]
[White "Denis, Laurent"]
[Black "Marciano, David"]
[Result "1/2-1/2"]
[WhiteElo "2170"]
[BlackElo "2320"]

1.e4 c5 2.Nf3 e6 3.d4 cxd4 4.Nxd4 Nc6 5.Nc3 Qc7 6.g3 a6 7.Bg2 Nf6 8.O-O Nxd4
9.Qxd4 Bc5 10.Qd3 Ng4 11.Qe2 Ne5  1/2-1/2

[Event "Gausdal Int"]
[Site "Gausdal"]
[Date "1989.??.??"]
[Round "?"]
[White "Hector, Jonny"]
[Black "Plachetka, Jan"]
[Result "1-0"]
[WhiteElo "2500"]
[BlackElo "2430"]

1.e4 c5 2.Nf3 e6 3.d4 cxd4 4.Nxd4 Nc6 5.Nc3 Qc7 6.f4 a6 7.Nxc6 Qxc6 8.Bd3 b5
9.Qe2 Bb7 10.O-O Nf6 11.a3 Bc5+ 12.Kh1 Bd4 13.Na2 d6 14.a4 bxa4 15.Nb4 Qb6
16.Rxa4 O-O 17.c3 Bc5 18.e5 Nd7 19.Nxa6 dxe5 20.fxe5 Nxe5 21.Qxe5 Bxa6 22.Bxh7+ Kxh7
23.Rg4 f6 24.Qh5+ Kg8 25.Rxg7+ Kxg7 26.Bh6+  1-0

[Event "Peer Gynt"]
[Site "Gausdal"]
[Date "1989.??.??"]
[Round "?"]
[White "Jansa, Vlastimil"]
[Black "Schmittdiel, Eckhard"]
[Result "1-0"]
[WhiteElo "2505"]
[BlackElo "2435"]

1.e4 c5 2.Nf3 e6 3.Nc3 Nc6 4.d4 cxd4 5.Nxd4 Nf6 6.Ndb5 d6 7.Bf4 e5 8.Bg5 a6
9.Na3 b5 10.Bxf6 gxf6 11.Nd5 Bg7 12.c3 Ne7 13.Nc2 f5 14.a4 bxa4 15.Nxe7 Qxe7
16.Ne3 O-O 17.exf5 Rb8 18.Rxa4 Rxb2 19.Bd3 Bd7 20.Nd5 Qg5 21.Rg4 Qh6 22.O-O Kh8
23.Rg3 Rd2 24.Qf3 f6 25.Nb6 Be8 26.Nc4 Ra2 27.Nxd6 Bh5 28.Qb7 Ra4 29.c4 a5
30.c5 Rh4 31.h3 Rd4 32.Qe7 Rb8 33.Bc4 Rxc4 34.Nxc4 Bf8 35.Qc7 Be2 36.Qxb8 Bxf1
37.Nd6 Bc4 38.Nxc4  1-0

[Event "BL2-W8889"]
[Site "Germany"]
[Date "1989.??.??"]
[Round "?"]
[White "Schlueter, Wolfgang"]
[Black "Buecker, Stefan"]
[Result "0-1"]
[WhiteElo "2275"]
[BlackElo "2335"]

1.e4 c5 2.Nc3 Nc6 3.Nf3 e6 4.d4 cxd4 5.Nxd4 Nf6 6.Ndb5 d6 7.Bf4 e5 8.Bg5 a6
9.Bxf6 gxf6 10.Na3 b5 11.Nd5 Bg7 12.Bd3 Be6 13.O-O f5 14.c4 bxc4 15.Nxc4 Bxd5
16.exd5 Nd4 17.Qa4+ Kf8 18.Rfe1 h5 19.Na5 Qg5 20.Kh1 Rh6 21.Nc6 Rg6 22.Bf1 Nf3
23.Re3 e4 24.Qb4 h4 25.Rd1 Re8 26.a4 Bh6 27.Qc3 h3 28.g3 Nxh2 29.Kxh2 f4
30.Bxh3 fxe3 31.Qxe3 Qh5 32.Qd4 e3 33.Re1 Bg7 34.Qh4 Qxd5 35.Bg2 Qd2 36.Rxe3 Rxe3
37.fxe3 Rh6  0-1

[Event "Bundesliga 8889"]
[Site "Germany"]
[Date "1989.??.??"]
[Round "?"]
[White "Brunner, Lucas"]
[Black "Jansa, Vlastimil"]
[Result "1/2-1/2"]
[WhiteElo "2425"]
[BlackElo "2470"]

1.e4 c5 2.Nf3 e6 3.d4 cxd4 4.Nxd4 Nc6 5.Nc3 a6 6.g3 d6 7.Bg2 Bd7 8.O-O Nf6
9.Re1 Be7 10.Nxc6 Bxc6 11.a4 Qc7 12.a5 O-O 13.Be3 Nd7 14.Na4 Rae8 15.Nb6 Nxb6
16.Bxb6 Qd7 17.c4 f5 18.Ra3 fxe4 19.Bxe4 Bd8 20.Bxd8 Qxd8 21.Rd3 Qxa5 22.Bxc6 bxc6
23.Rxd6 Qc5 24.Qd4 Qxd4 25.Rxd4 Rb8 26.Rd2 Rfe8 27.Ra1 Rb4 28.Rxa6 Rxc4 29.Rd7 h6
30.h3 Kh7 31.Raa7 Rg8 32.Re7 Rb4 33.Rxe6 Rxb2 34.Rxc6 Rbb8 35.h4 Rbc8 36.Rxc8 Rxc8
37.h5 Rc5 38.g4 Rc4 39.f3 Rc2 40.Kf1 Rb2 41.Re7 Kg8 42.Re2 Rb3 43.Kf2 Kf7
44.Ra2 Rc3 45.Kg3 Rc4 46.Re2 Ra4 47.Re4 Ra5 48.Kf4 Kf6 49.Rb4 Ra6 50.Rc4  1/2-1/2

[Event "Bundesliga 8889"]
[Site "Germany"]
[Date "1989.??.??"]
[Round "?"]
[White "Zuse, Klaus Peter"]
[Black "Bischoff, Klaus"]
[Result "0-1"]
[WhiteElo "2310"]
[BlackElo "2505"]

1.e4 c5 2.Nf3 e6 3.d4 cxd4 4.Nxd4 Nc6 5.Nc3 Qc7 6.Be2 a6 7.O-O Nf6 8.Nb3 Be7
9.f4 d6 10.Bf3 O-O 11.Qe2 b5 12.a3 Bb7 13.e5 dxe5 14.fxe5 Nd7 15.Bf4 Rad8
16.Be4 Ndxe5 17.Bxc6 Qb6+ 18.Kh1 Nxc6 19.a4 b4 20.a5 Qa7 21.Be3 Qb8 22.Na4 Qe5
23.Qf2 Qh5 24.Nbc5 Ba8 25.Nb6 Ne5 26.Nxa6 Ng4 27.Qg1 Nxe3 28.Qxe3 Bb7  0-1

[Event "Bundesliga 8889"]
[Site "Germany"]
[Date "1989.??.??"]
[Round "?"]
[White "Zuse, Klaus Peter"]
[Black "Seul, Georg"]
[Result "1/2-1/2"]
[WhiteElo "2310"]
[BlackElo "2315"]

1.e4 c5 2.Nf3 Nc6 3.d4 cxd4 4.Nxd4 e6 5.Nc3 Qc7 6.Be2 a6 7.O-O Nf6 8.Kh1 Bb4
9.Nxc6 bxc6 10.Qd4 c5 11.Qe3 d6 12.f4 Bxc3 13.Qxc3 Bb7 14.e5 Ne4 15.Qe1 O-O
16.Bf3 d5 17.Bxe4 dxe4 18.Bd2 Qc6 19.Bc3 e3 20.Qg3 e2 21.Rf2 Qe4 22.Re1 Qxc2
23.f5 Rfd8 24.f6 Qg6 25.Qe3 Rd7 26.Rfxe2 Rad8 27.Qxc5 Rd1 28.Qg1 Qb1 29.a3 h6
30.fxg7 Kxg7 31.Qf2 Rxe1+ 32.Rxe1 Rd1 33.Qf6+ Kg8 34.Qd8+ Rxd8 35.Rxb1 Rd3
36.Re1 Kg7 37.Kg1 h5 38.Kf2 Kg6 39.Re2 Rd5 40.Re3 Rd1 41.Rg3+ Kh7 42.Rg5 Kh6
43.h4 Be4 44.Ke2 Rb1 45.g4 hxg4 46.Rxg4 Bd5 47.Kd3 Rf1 48.a4 Rf3+ 49.Kd2 Rf2+
50.Kd3 Rf3+ 51.Kd2 Rf2+ 52.Ke3 Rf3+ 53.Ke2 Kh5 54.Rb4 Rh3 55.Be1 Rb3 56.Rxb3 Bxb3
57.a5 Kg6 58.Ke3 f6 59.exf6 Kxf6 60.Kd3 Kg6  1/2-1/2

[Event "BL2-SW8889"]
[Site "Germany"]
[Date "1989.??.??"]
[Round "?"]
[White "Ostojic, Predrag"]
[Black "Pfrommer, Christoph"]
[Result "1/2-1/2"]
[WhiteElo "2375"]
[BlackElo "2335"]

1.e4 c5 2.Nf3 e6 3.d4 cxd4 4.Nxd4 Nc6 5.Nc3 Qc7 6.g3 a6 7.Bg2 Nf6 8.O-O Be7
9.Re1 d6 10.b3 O-O 11.Bb2 Nxd4 12.Qxd4 b5 13.Nd1 Bb7 14.Ne3 Bc6 15.c4 Qb7
16.Rac1 Rfd8 17.Ng4 e5 18.Nxf6+ Bxf6 19.Qe3 h6 20.h4 bxc4 21.Rxc4 d5 22.exd5 Bxd5
23.Bxd5 Rxd5 24.Qe4 Rad8 25.Kg2 Qb6 26.Re2 R5d6 27.Bc3 Re6 28.Qf3 Rde8 29.Rce4 Qc6
30.R2e3 g6 31.h5 gxh5 32.Rc4 Qxf3+ 33.Rxf3 Kg7 34.Rd3 e4 35.Bxf6+ Rxf6 36.Rdc3 Ree6
37.Re3 h4 38.Rcxe4 Rxe4 39.Rxe4 hxg3 40.Kxg3 Rd6 41.Ra4 Kg6 42.Ra5 f6 43.Kg4 Rd2
44.f4 h5+ 45.Kh4 Rd4 46.Rxa6 Rxf4+ 47.Kg3 Kg5 48.Ra8 h4+ 49.Kg2 Rg4+ 50.Kh2 Rd4
51.Rg8+ Kh5 52.Rg2 f5 53.a4 Rd1 54.Ra2 Rb1 55.a5 Rxb3 56.a6 Rb8 57.a7 Ra8
58.Kh3 Kg5 59.Ra6 Kf4 60.Ra4+ Kg5 61.Ra6 Kf4 62.Ra4+  1/2-1/2

[Event "Bundesliga 8889"]
[Site "Germany"]
[Date "1989.??.??"]
[Round "?"]
[White "Nonnenmacher, Eberhard"]
[Black "Simon, Ralf Axel"]
[Result "1/2-1/2"]
[WhiteElo "2320"]
[BlackElo "2320"]

1.e4 c5 2.Nf3 e6 3.d4 cxd4 4.Nxd4 Nc6 5.Nc3 a6 6.Be3 Nf6 7.Be2 Bb4 8.Nxc6 bxc6
9.O-O Bxc3 10.bxc3 Nxe4 11.Qd4 Nf6 12.Rad1 O-O 13.Bg5 h6 14.Bh4 e5 15.Qe3 Qe7
16.c4 Qe6 17.Rd2 Ne8 18.Bg3 d6 19.f4 exf4 20.Qxf4 Ra7 21.Bf3 Re7 22.Bxc6 Qe3+
23.Qxe3 Rxe3 24.Bxd6 Nxd6 25.Rxd6 Ra3 26.Be4 Rxa2 27.c5 Ra5 28.c6 Rc5 29.Rfd1 Re8
30.R1d4 Kf8 31.Bd3 a5 32.R4d5 Rxd5 33.Rxd5 Ke7 34.Rxa5 Be6 35.Be4 Kd6 36.Ra7 Rc8
37.Kf2 g5 38.g3 f5 39.Bf3 Rc7 40.Ra1 Kc5 41.Re1 Kd6 42.Ke3 Ra7 43.Rd1+ Ke5
44.Rd3 Bc4 45.Rc3 f4+ 46.gxf4+ gxf4+ 47.Kd2 Kd4 48.c7  1/2-1/2

[Event "Bundesliga 8889"]
[Site "Germany"]
[Date "1989.??.??"]
[Round "?"]
[White "Marjanovic, Slavoljub"]
[Black "Cicak, Slavko"]
[Result "1/2-1/2"]
[WhiteElo "2490"]
[BlackElo "2345"]

1.e4 c5 2.Nf3 e6 3.d4 cxd4 4.Nxd4 Nc6 5.Nc3 Qc7 6.Be2 a6 7.O-O Nf6 8.Kh1 Be7
9.f4 d6 10.a4 O-O 11.Be3 Nxd4 12.Qxd4 e5 13.Qd3 b6 14.fxe5 dxe5 15.Bg5 Bb7
16.Bxf6 Bxf6 17.Qg3 Be7 18.Bd3 Bb4 19.Nd1 Bc5 20.Rb1 b5 21.axb5 axb5 22.b4 Bd4
23.Ne3 Bxe3 24.Qxe3 Ra3 25.Qe2 Rc3 26.Rb2 Qc6 27.Ra2 Qd6 28.Ra7 Rc7 29.Rb1 Re8
30.Ra5 Bc6 31.h3 Bd7 32.Qe1 g6 33.Rd1 Qf6 34.Qe2 Kg7 35.Rf1 Qe7  1/2-1/2

[Event "FRG-CupT"]
[Site "Germany"]
[Date "1989.??.??"]
[Round "1"]
[White "Reeh, Oliver"]
[Black "Polgar, Judit"]
[Result "1/2-1/2"]
[WhiteElo "2440"]
[BlackElo "2555"]

1.e4 c5 2.Nf3 e6 3.d4 cxd4 4.Nxd4 Nc6 5.Nc3 Qc7 6.f4 a6 7.Nxc6 bxc6 8.Bd3 d6
9.O-O Nf6 10.Kh1 Be7 11.Qe2 e5 12.fxe5 dxe5 13.Bc4 O-O 14.h3 Ne8 15.Be3 Nd6
16.Bd3 Nb5 17.Na4 Nd4 18.Qf2 c5 19.c3 Ne6 20.Bc4 Bd7 21.b3 Bb5 22.Nb2 Rad8
23.Rad1 Bxc4 24.Nxc4 Qc6 25.Rxd8 Bxd8 26.Qf5 Bc7 27.Rd1 g6 28.Qf3 f5 29.exf5 e4
30.Qg4 Rxf5 31.Nd2 Qd6 32.Bg1 Rf4 33.Nc4 Qc6 34.Qe2 Rf7 35.Ne3 Nf4 36.Qc4 Kg7
37.Nd5 Nh5 38.Bd4+ Kh6 39.Nxc7 Qxc7  1/2-1/2

[Event "FRG-CupT"]
[Site "Germany"]
[Date "1989.??.??"]
[Round "3"]
[White "Reeh, Oliver"]
[Black "Lutz, Christopher"]
[Result "1/2-1/2"]
[WhiteElo "2440"]
[BlackElo "2375"]

1.e4 c5 2.Nf3 Nc6 3.d4 cxd4 4.Nxd4 e6 5.Nc3 Qb6 6.Nb3 Nf6 7.Be3 Qc7 8.a3 a6
9.f4 d6 10.Bd3 b5 11.O-O Be7 12.Kh1 O-O 13.Qf3 Bb7 14.Rae1 Rad8 15.Qh3 Rfe8
16.Nd4 Nxd4 17.Bxd4 e5 18.Be3 Qd7 19.Qf3 Rc8 20.fxe5 dxe5 21.Bg5 Qg4 22.Bxf6 Qxf3
23.Rxf3 Bxf6 24.Ref1 Rc7 25.a4 bxa4 26.Nxa4 Rd8 27.b3 h5 28.Nb2 Rd4 29.Re3 Bg5
30.Re2 g6 31.Nc4 Rc5 32.Nb6 Kg7 33.Nc4 f5 34.Rfe1 f4 35.Nb6 Bd8 36.Nd5 Ba5
37.Ra1 Bxd5 38.exd5 Rcxd5 39.h3 Bc7  1/2-1/2

[Event "Gleisdorf"]
[Site "Gleisdorf"]
[Date "1989.??.??"]
[Round "6"]
[White "Gazik, Igor"]
[Black "Boronyak, Arpad"]
[Result "1-0"]
[WhiteElo "2390"]
[BlackElo "2240"]

1.e4 c5 2.Nf3 e6 3.d4 cxd4 4.Nxd4 Nc6 5.Nc3 Qc7 6.Nxc6 bxc6 7.Bd3 Nf6 8.O-O Be7
9.Kh1 e5 10.f4 d6 11.Qf3 O-O 12.f5 d5 13.g4 dxe4 14.Nxe4 Nxe4 15.Bxe4 Ba6
16.f6 Bxf6 17.Qf5 Rfd8 18.Be3 c5 19.Qxh7+ Kf8 20.g5 Bxf1 21.gxf6 gxf6 22.Rxf1 Ke7
23.Qf5 Qd6 24.Bg5  1-0

[Event "Gleisdorf"]
[Site "Gleisdorf"]
[Date "1989.??.??"]
[Round "9"]
[White "Cigan, Stefan"]
[Black "Wallner, Walter"]
[Result "1/2-1/2"]
[WhiteElo "2360"]
[BlackElo "2350"]

1.e4 c5 2.Nf3 Nc6 3.d4 cxd4 4.Nxd4 e6 5.Nc3 d6 6.g3 Nf6 7.Bg2 Bd7 8.O-O a6
9.a4 Be7 10.b3 Qc7 11.Bb2 Rc8 12.Nce2 O-O 13.c4 b6 14.h3 Qb8 15.Nc3 Rfe8
16.g4 h6 17.Nxc6 Bxc6 18.f4 Nd7 19.Qf3 Qc7 20.g5 hxg5 21.Nd5 Bxd5 22.exd5 gxf4
23.Qxf4 Bf6 24.dxe6  1/2-1/2

[Event "Gleisdorf"]
[Site "Gleisdorf"]
[Date "1989.??.??"]
[Round "11"]
[White "Gazik, Igor"]
[Black "Wallner, Walter"]
[Result "1/2-1/2"]
[WhiteElo "2390"]
[BlackElo "2350"]

1.e4 c5 2.Nf3 e6 3.d4 cxd4 4.Nxd4 Nc6 5.Nc3 d6 6.Be2 Nf6 7.O-O Be7 8.Be3 Bd7
9.f4 O-O 10.Qe1 a6 11.Qg3 Qc7 12.Kh1 b5 13.a3 Kh8 14.Rad1 b4 15.axb4 Nxb4
16.e5 Nfd5 17.Nxd5 Nxd5 18.Nf5 exf5 19.Rxd5 Qxc2 20.exd6 Bf6 21.Rd2 Qa4 22.Bf3 Rab8
23.Qf2 Rfe8 24.Bd5 Kg8 25.b3 Qb4 26.Rc1 Rbc8 27.Rxc8 Rxc8 28.Bc4 a5 29.Bd4 Bd8
30.Qg3 g6 31.Qe3 Kf8 32.Bc3 Qc5 33.Qh3 h5 34.Bd4 Qa3 35.Bb2 Qb4 36.Qe3 a4
37.Qd4 f6 38.Qd5 Be6 39.Qxe6 Rxc4 40.Re2 Re4 41.Rxe4 fxe4 42.h3  1/2-1/2

[Event "Gothenburg"]
[Site "Gothenburg"]
[Date "1989.??.??"]
[Round "4"]
[White "Zolnierowicz, Krzysztof"]
[Black "Svenn, Gosta"]
[Result "1-0"]
[WhiteElo "2405"]
[BlackElo "2345"]

1.e4 c5 2.Nf3 e6 3.d4 cxd4 4.Nxd4 Nc6 5.Nc3 a6 6.Bf4 d6 7.Bg3 Be7 8.Qd2 Nxd4
9.Qxd4 Nf6 10.Bc4 O-O 11.O-O-O e5 12.Qd3 Be6 13.Bb3 Bxb3 14.axb3 Rc8 15.Kb1 Rc6
16.Qe2 Qa5 17.Bh4 Rfc8 18.Bxf6 Bxf6 19.Qg4 Qd8 20.Rhe1 b5 21.Re2 g6 22.Nd5 Bg7
23.h4 h5 24.Qh3 a5 25.g4 Qd7 26.Rg1 Qe6 27.Qf3 hxg4 28.Qxg4 Qxg4 29.Rxg4 Kf8
30.h5 gxh5 31.Rh4 f6 32.f4 exf4 33.Rxh5 Kf7 34.Nxf4 Re8 35.Rxb5 Rc5 36.Rb7+ Re7
37.Rxe7+ Kxe7 38.c4 Rg5 39.Ka2 Rg1 40.b4 axb4 41.Kb3 Bh6 42.Nd5+ Ke6 43.Kxb4 Ke5
44.Kb5 Rc1 45.b4 Kd4 46.Nxf6 Bg5 47.Ne8 Bf4 48.Rg2 Kxe4 49.Rg6 Rd1 50.Kc6 Kd4
51.Nxd6  1-0

[Event "Groningen op"]
[Site "Groningen"]
[Date "1989.??.??"]
[Round "2"]
[White "Heidenfeld, Mark"]
[Black "Van Mil, Johannes A J"]
[Result "0-1"]
[WhiteElo "2290"]
[BlackElo "2370"]

1.e4 c5 2.Nf3 e6 3.d4 cxd4 4.Nxd4 Nc6 5.Nc3 a6 6.Be2 Nge7 7.Nb3 b5 8.a3 Na5
9.Nxa5 Qxa5 10.Be3 Nc6 11.O-O Be7 12.Kh1 O-O 13.f4 Qc7 14.Qe1 Na5 15.Rd1 Nc4
16.Bc1 Bb7 17.Bf3 Rac8 18.Ne2 Rfd8 19.c3 Nb6 20.Nd4 Na4 21.Qf2 Nc5 22.Rfe1 Qb8
23.Re2 Qa8 24.Qe1 Kh8 25.e5 d6 26.exd6 Bxd6 27.Bxb7 Qxb7 28.Nf3 h6 29.Be3 Kg8
30.Bxc5 Bxc5 31.Red2 Rxd2 32.Qxd2 Bb6 33.Qe2 Qc7 34.g3 Rd8 35.Kg2 Rxd1 36.Qxd1 Qc6
37.Qd3 g5 38.fxg5 hxg5 39.h3 Qc5 40.Qe2 Qd5 41.Qe5 Qxe5 42.Nxe5 Bc7 43.Nd7 Kg7
44.Nc5 a5 45.a4 bxa4 46.Nxa4 Kf6 47.b4 axb4 48.cxb4 Ke5 49.Nc3 Bd8 50.Kf3 Kd4
51.Ne4 Be7 52.h4 g4+ 53.Kf4 f5 54.Nc5 Bd6+ 55.Kg5 Bxg3 56.Nxe6+ Ke5 57.Nc5 Bf4+
58.Kh5 g3 59.Nd3+ Ke4 60.Ne1 Bd2 61.Ng2 Bxb4  0-1